| 000 | 00354nam a2200145Ia 4500 | ||
|---|---|---|---|
| 005 | 20251222153544.0 | ||
| 008 | 251222s9999||||xx |||||||||||||| ||spa|| | ||
| 020 | _a9.788467244e+012 | ||
| 082 | _a813.6/E98 | ||
| 100 | _aEyre Ward, Amanda | ||
| 245 | 0 | _aDesde que te Fuiste | |
| 250 | _a1ra. ed. | ||
| 264 | _bCĂrculo de Lectores, S.A. | ||
| 942 | _cLIB | ||
| 999 |
_c30566 _d30566 |
||